000 02195nam a22004097a 4500
001 42835
003 gtgccic
005 20251104125356.0
007 ta
008 251104b gt ||||| |||| 00| 0 spa d
040 _agtgccic
_bspa
_cgtgccic
_erda
084 _0TPI-16-0094
100 1 0 _aMarco Tulio Salguero Hernández
_dIngeniero Civil
_eautor
245 1 0 _aActualización del reglamento de pesos y dimensiones de vehículos automotores y sus combinaciones (Acuerdo Gubernativo 1084-92) /
_cSalguero Hernández, Marco Tulio
264 1 _aGuatemala, Guatemala :
_bUSAC, Facultad de Ingeniería ;
_c2016.-
300 _axxviii, 215 p. :
_bil. ;
_c27 cm
336 _2rdacontenido
_aTexto
_btxt
337 _2rdamedio
_asin mediación
_bn
338 _2rdasoporte
_avolumen
_bnc
502 _aTesis Postgrado
_bMAESTRO EN ARTES EN INGENIERÍA VIAL
_cUSAC, Facultad de Ingeniería, Escuela de Postgrado
_d2016
_oTPI-16-0094
504 _aBibliografía pag. 205
505 _t1. TRANSPORTE DE CARGA POR CARRETERA
505 _t2. TIPOLOGÍA VEHICULAR
505 _t3. PESOS Y DIMENSIONES TRANSPORTE DE CARGA NACIONAL E INTERNACIONAL
505 _t4. CARGA ESPECIALIZADA
505 _t5. SEGURIDAD VIAL
505 _t6. CONTROL Y VIGILANCIA VEHICULAR DE CARGA EN CARRETERA
505 _t7. SANCIONES
505 _t8. DISPOSICIONES GENERALES
505 _t9. PROPUESTA FINAL DE ACTUALIZACIÓN
520 3 _aEl presente trabajo consiste en la investigación y análisis sobre una propuesta de norma técnica y legal para regular la transitabilidad y locomoción del transporte de carga en general como carga especializada, al hacer uso de la red vial de Guatemala. Se analizó de forma pormenorizada el contenido de dicho reglamento y se actualizó y adicionó Artículos complementarios, con los cuales su aplicación sea funcional apegada a la realidad del transporte de carga de Guatemala, como transporte de los países de la región, sin dejar de atender la infraestructura vial del país para su preservación.
650 _aREGLAMENTOS
650 _aVEHÍCULOS AUTOMOTORES
700 _aIng. Msc. Armando Fuentes Roca
_easesor
942 _2ddc
_cTPS
945 _aamlo
999 _c2473
_d2473